00000000nam 2200000zi 4500
0019.954286
003CaOODSP
00520250820101336
006m     o  d f      
007cr mn|||||||||
008250820e20250820onc     obs  f000 0 eng d
040 |aCaOODSP|beng|erda|cCaOODSP
043 |an-cn---
0861 |aCS82-003/2025-8-2E-PDF
1001 |aGondro, Juliana Valeria, |eauthor.
24510|aCharacteristics of cost-related avoidance of oral health services among people in Canada eligible for the Canadian Dental Care Plan / |cby Juliana Valeria Gondro, Monica Emode, Dana Ivancevic, Janine Clarke, Kayla Ortlieb, and Julie Farmer.
264 1|a[Ottawa] : |bStatistics Canada = Statistique Canada, |cAugust 20, 2025.
264 4|c©2025
300 |a1 online resource (pages 16-28).
336 |atext|btxt|2rdacontent
337 |acomputer|bc|2rdamedia
338 |aonline resource|bcr|2rdacarrier
4901 |aHealth reports, |x1209-1367 ; |vv. 36, no. 8, [2]
500 |aIssued also in French under title: Caractéristiques relatives à l’évitement d’obtention de soins buccodentaires en raison du coût parmi les personnes admissibles au Régime canadien de soins dentaires au Canada.
500 |a"Catalogue no. 82-003-X."
500 |a"Research article."
504 |aIncludes bibliographical references (pages 27-28).
5203 |a"Cost and lack of dental insurance coverage are major obstacles to accessing dental care in Canada. This study estimates the prevalence and explores the characteristics of cost-related avoidance of oral health services among a nationally representative sample of people in Canada aged 12 years and older who may qualify for coverage under the Canadian Dental Care Plan (CDCP)"--Abstract, page 16.
650 0|aDental care|zCanada|vStatistics.
650 0|aDental care, Cost of|zCanada.
650 0|aDental insurance|zCanada|vStatistics.
655 7|aStatistics|2lcgft
7102 |aStatistics Canada, |eissuing body.
77508|tCaractéristiques relatives à l’évitement d’obtention de soins buccodentaires en raison du coût parmi les personnes admissibles au Régime canadien de soins dentaires au Canada / |w(CaOODSP)9.954288
830#0|aHealth reports (Series)|vv. 36, no. 8, [2].|w(CaOODSP)9.950253
85640|qPDF|s655 KB|uhttps://publications.gc.ca/collections/collection_2025/statcan/82-003-x/CS82-003-2025-8-2-eng.pdf
8564 |qHTML|sN/A|uhttps://www.doi.org/10.25318/82-003-x202500800002-eng